在无边界地图上点击中国泛地级行政区 - Statistics

General Stats
  • This quiz has been taken 5 667 times
  • The average score is 72 of 389
Answers on the Map
Answers color-coded by a green-red scale on the quiz's map according to % correct below.
 
Answer Stats
Answer % Correct
绍兴
24%
海口
23%
三亚
23%
延边朝鲜族自治州
23%
珠海
23%
丹东
22%
廊坊
22%
连云港
22%
青岛
22%
台州
22%
天津
22%
万宁
22%
威海
22%
五指山
22%
盐城
22%
张家口
22%
漳州
22%
舟山
22%
阿勒泰地区
21%
阿里地区
21%
澳门特别行政区
21%
巴音郭楞蒙古自治州
21%
保定
21%
北海
21%
北京
21%
本溪
21%
滨州
21%
常州
21%
潮州
21%
承德
21%
大连
21%
大兴安岭地区
21%
儋州
21%
德宏傣族景颇族自治州
21%
德州
21%
东莞
21%
防城港
21%
佛山
21%
高雄
21%
广州
21%
黑河
21%
吉林
21%
济南
21%
嘉兴
21%
锦州
21%
丽水
21%
那曲
21%
南京
21%
宁波
21%
宁德
21%
怒江傈僳族自治州
21%
普洱
21%
秦皇岛
21%
厦门
21%
上海
21%
深圳
21%
苏州
21%
宿迁
21%
台北
21%
台南
21%
台中
21%
唐山
21%
桃园
21%
铁岭
21%
潍坊
21%
无锡
21%
西双版纳傣族自治州
21%
烟台
21%
伊犁哈萨克自治州
21%
湛江
21%
长春
21%
镇江
21%
中山
21%
阿拉善盟
20%
鞍山
20%
白沙黎族自治县
20%
百色
20%
保山
20%
沧州
20%
昌都
20%
朝阳
20%
澄迈县
20%
崇左
20%
滁州
20%
楚雄彝族自治州
20%
大理白族自治州
20%
大庆
20%
东营
20%
鄂尔多斯
20%
福州
20%
甘孜藏族自治州
20%
哈尔滨
20%
海西蒙古族藏族自治州
20%
邯郸
20%
杭州
20%
合肥
20%
和田地区
20%
鹤岗
20%
呼和浩特
20%
葫芦岛
20%
湖州
20%
佳木斯
20%
江门
20%
金华
20%
金门县
20%
酒泉
20%
喀什地区
20%
克孜勒苏柯尔克孜自治州
20%
昆明
20%
丽江
20%
凉山彝族自治州
20%
林芝
20%
临沂
20%
南宁
20%
南通
20%
盘锦
20%
澎湖县
20%
屏东县
20%
莆田
20%
钦州
20%
琼海
20%
曲靖
20%
衢州
20%
泉州
20%
日照
20%
山南
20%
汕尾
20%
韶关
20%
沈阳
20%
石家庄
20%
双鸭山
20%
台东县
20%
泰安
20%
通辽
20%
吐鲁番
20%
温州
20%
文昌
20%
文山壮族苗族自治州
20%
乌鲁木齐
20%
锡林郭勒盟
20%
香港特别行政区
20%
新北
20%
新竹
20%
新竹县
20%
兴安盟
20%
徐州
20%
扬州
20%
阳江
20%
伊春
20%
玉树藏族自治州
20%
昭通
20%
重庆
20%
阿坝藏族羌族自治州
19%
阿克苏地区
19%
巴彦淖尔
19%
白城
19%
白山
19%
昌吉回族自治州
19%
赤峰
19%
迪庆藏族自治州
19%
东方
19%
抚顺
19%
阜新
19%
赣州
19%
哈密
19%
河池
19%
河源
19%
菏泽
19%
呼伦贝尔
19%
花莲县
19%
淮安
19%
惠州
19%
基隆
19%
济宁
19%
嘉义县
19%
揭阳
19%
拉萨
19%
乐东黎族自治县
19%
辽阳
19%
陵水黎族自治县
19%
柳州
19%
马鞍山
19%
茂名
19%
梅州
19%
苗栗县
19%
牡丹江
19%
南平
19%
七台河
19%
齐齐哈尔
19%
清远
19%
琼中黎族苗族自治县
19%
三明
19%
汕头
19%
上饶
19%
泰州
19%
通化
19%
乌兰察布
19%
吴忠
19%
邢台
19%
延安
19%
营口
19%
榆林
19%
云浮
19%
云林县
19%
枣庄
19%
肇庆
19%
淄博
19%
安阳
18%
蚌埠
18%
包头
18%
保亭黎族苗族自治县
18%
亳州
18%
博尔塔拉蒙古自治州
18%
昌江黎族自治县
18%
成都
18%
定安县
18%
贵港
18%
衡水
18%
红河哈尼族彝族自治州
18%
黄冈
18%
黄山
18%
鸡西
18%
嘉义
18%
晋城
18%
九江
18%
克拉玛依
18%
来宾
18%
聊城
18%
临沧
18%
龙岩
18%
洛阳
18%
吕梁
18%
南投县
18%
攀枝花
18%
日喀则
18%
松原
18%
宿州
18%
绥化
18%
塔城地区
18%
屯昌县
18%
梧州
18%
西安
18%
忻州
18%
新乡
18%
宣城
18%
雅安
18%
宜兰县
18%
玉林
18%
玉溪
18%
彰化县
18%
长沙
18%
中卫
18%
安康
17%
安庆
17%
毕节
17%
池州
17%
大同
17%
德阳
17%
恩施土家族苗族自治州
17%
抚州
17%
甘南藏族自治州
17%
固原
17%
贵阳
17%
桂林
17%
果洛藏族自治州
17%
贺州
17%
鹤壁
17%
淮北
17%
吉安
17%
焦作
17%
晋中
17%
景德镇
17%
兰州
17%
乐山
17%
辽源
17%
临汾
17%
临高县
17%
六安
17%
陇南
17%
娄底
17%
眉山
17%
绵阳
17%
南昌
17%
南阳
17%
濮阳
17%
黔东南苗族侗族自治州
17%
黔南布依族苗族自治州
17%
三门峡
17%
商丘
17%
十堰
17%
石嘴山
17%
朔州
17%
四平
17%
太原
17%
铜陵
17%
乌海
17%
芜湖
17%
湘西土家族苗族自治州
17%
襄阳
17%
孝感
17%
新余
17%
信阳
17%
宜宾
17%
宜春
17%
银川
17%
永州
17%
运城
17%
张掖
17%
长治
17%
郑州
17%
驻马店
17%
资阳
17%
白银
16%
宝鸡
16%
郴州
16%
定西
16%
鄂州
16%
阜阳
16%
广安
16%
广元
16%
海南藏族自治州
16%
衡阳
16%
怀化
16%
淮南
16%
黄石
16%
济源
16%
嘉峪关
16%
金昌
16%
荆门
16%
荆州
16%
开封
16%
六盘水
16%
泸州
16%
漯河
16%
南充
16%
平顶山
16%
黔西南布依族苗族自治州
16%
商洛
16%
邵阳
16%
神农架林区
16%
铜川
16%
渭南
16%
武汉
16%
武威
16%
咸阳
16%
湘潭
16%
许昌
16%
阳泉
16%
益阳
16%
鹰潭
16%
岳阳
16%
张家界
16%
周口
16%
株洲
16%
遵义
16%
北屯
15%
达州
15%
海北藏族自治州
15%
海东
15%
汉中
15%
黄南藏族自治州
15%
内江
15%
平凉
15%
萍乡
15%
潜江
15%
庆阳
15%
石河子
15%
随州
15%
遂宁
15%
天门
15%
天水
15%
铜仁
15%
西宁
15%
仙桃
15%
咸宁
15%
宜昌
15%
自贡
15%
阿拉尔
14%
安顺
14%
巴中
14%
常德
14%
可克达拉
14%
昆玉
14%
临夏回族自治州
14%
胡杨河
13%
图木舒克
13%
五家渠
13%
双河
12%
铁门关
12%
No matching quizzes found
Score Distribution
Percent of People with Each Score
Percentile by Number Answered
Your Score History
You have not taken this quiz